000 00685nam a22002057a 4500
003 OSt
005 20250829053452.0
008 250829b |||||||| |||| 00| 0 eng d
020 _a9780071830829
040 _aDWC-Main Lib
_cOC
082 _23rd ed,
100 _aOTTER , MERLE C.
245 _aThermodynamics for engineers/
_cOTTER , MERLE C.
260 _aNew York :
_bMcGraw-Hill,
_cc2014.
300 _ax, 406 pages :
_billustrations ;
_c27 cm.
490 _a(Schaum's outlines series)
504 _aIncludes index.
650 _aThermodynamics. 2. Thermodynamics--Problems, exercises, etc. I. Somerton, Craig W. II. Title.
942 _2ddc
_cBK-CIRC
_e3rd ed.
_hCirc.
_n0
999 _c4338
_d4338